Zopár zásad direct mailu

Direct mail ako jeden z najstarších a najpoužívanejších nástrojov direct marketingu. Ciele direct mailu. Forma direct mailu. Text listu, jeho členenie a štýl. Správne načasovanie direct mailu.

Gespeichert in:
Bibliographische Detailangaben
1. Verfasser: Dzugasová, Jaroslava
Format: Buchkapitel
Sprache:Slowakisch
Schlagworte:
Tags: Tag hinzufügen
Keine Tags, Fügen Sie das erste Tag hinzu!

MARC

LEADER 00000naa a2200000 4500
001 r035774
005 20230929095930.4
041 0 |a slo 
044 |a SK 
245 1 0 |a Zopár zásad direct mailu  |c Jaroslava Dzugasová 
520 |a Direct mail ako jeden z najstarších a najpoužívanejších nástrojov direct marketingu. Ciele direct mailu. Forma direct mailu. Text listu, jeho členenie a štýl. Správne načasovanie direct mailu. 
610 2 0 |a direct mailing 
610 2 0 |a marketing priamy 
610 2 0 |a nástroje marketingové 
610 2 0 |a zásielky poštové 
610 2 0 |a komunikácia marketingová 
610 2 0 |a ciele podnikové 
610 2 0 |a telemarketing 
100 1 |a Dzugasová, Jaroslava